Single e' positivo!

Furkejuvvon:
Bibliográfalaš dieđut
Váldodahkki: Peiffer Vera
Materiálatiipa: Girji
Giella:meroštallameahttun
Almmustuhtton: Milano Gruppo Armenia 2000
Fáddágilkorat: Lasit fáddágilkoriid
Eai fáddágilkorat, Lasit vuosttaš fáddágilkora!

MARC

LEADER 00000nam a2200000Ia 4500
001 220
003 NUMERAZIONE-ORIGINALE-BRESCIA
005 20260206230750.0
008 260206s9999 xx 000 0 und d
100 |a Peiffer Vera 
245 0 |a Single e' positivo! 
260 |a Milano 
260 |b Gruppo Armenia 
260 |c 2000 
500 |a L'arte di vivere soli e felici 
942 |2 ddc  |c BK  |n 0 
952 |0 0  |1 0  |2 ddc  |4 0  |6 14  |7 0  |9 28420  |a BS  |b BS  |d 2026-02-06  |i 220  |l 0  |o 1-4-*  |r 2026-02-06 22:40:34  |w 2026-02-06  |x [REVISIONARE]  |y BK 
999 |c 24101  |d 24101